000 00841nam a2200289 a 4500
001 33561
003 BD-RjUL
005 20211209052028.0
008 140508r19611959nyua b 001 0 eng
035 _a(BD-RjUL)33652
040 _aLC
_beng
_cLC
_dBD-RjUL
041 _aeng
082 0 4 _a301.151
_bTHS 1961
100 1 _aThibaut, John W.
_9101847
245 1 4 _aThe social psychology of groups /
_cJohn W. Thibaut, Harold H. Kelley.
260 _aNew York :
_bWiley,
_cc1959 [Printing 1961].
300 _a313 p. :
_bill. ;
_c24 cm.
504 _aBibliography: p. 292-304.
504 _aIncludes index.
650 0 _aSocial groups.
_9101848
650 0 _aInterpersonal relations.
_9101849
700 1 _aKelley, Harold H.
_9101850
942 _2ddc
_cBK
999 _c33561
_d33561